[Event "Joao Pessoa de Assis Memorial 1st"]
[Site "Joao Pessoa"]
[Date "2019.11.16"]
[Round "3"]
[White "Franca, Aurea Stela da Silv"]
[Black "Barros, Rebeca Lopes de Sou"]
[Result "0-1"]
[WhiteElo "1730"]
[BlackElo "1754"]
[PlyCount "108"]
[EventDate "2019.11.15"]
[EventType "swiss"]
[EventRounds "6"]
[EventCountry "BRA"]
[SourceTitle "CBM 193 Extra"]
[Source "ChessBase"]
[SourceDate "2020.01.31"]
[SourceVersion "1"]
[SourceVersionDate "2020.01.31"]
[SourceQuality "1"]

1. e4 d6 2. d4 Nf6 3. Nc3 g6 4. e5 dxe5 5. dxe5 Qxd1+ 6. Nxd1 Nd5 7. Nf3 Bg7 8. Bc4 e6 9. Bxd5 exd5 10. Nc3 c6 11. Bg5 Nd7 12. 0-0 0-0 13. Rae1 Re8 14. Bf6 Nxf6 15. exf6 Rxe1 16. Rxe1 Bxf6 17. Nd1 Bf5 18. c3 Rd8 19. Ne3 Bc8 20. h3 a5 21. Nh2 b5 22. Neg4 Bg7 23. Re7 Be6 24. Nf3 b4 25. cxb4 axb4 26. b3 c5 27. Nge5 Bxe5 28. Nxe5 Ra8 29. Nd3 Rc8 30. Kf1 Kf8 31. Rb7 d4 32. Rb5 c4 33. bxc4 Bxc4 34. Rxb4 Bxd3+ 35. Ke1 Rd8 36. Kd2 Bf5 37. a4 d3 38. a5 Rc8 39. Rb2 Rc2+ 40. Rxc2 dxc2 41. Kc1 Be4 42. f3 Bd3 43. Kd2 Ke7 44. a6 Bxa6 45. Kxc2 Bf1 46. g4 Bxh3 47. Kd2 Ke6 48. Ke2 f5 49. g5 Ke5 50. Kf2 Kf4 51. Kg1 Kxf3 52. Kh2 Bf1 53. Kg1 Bd3 54. Kh2 Kg4 0-1